Τα θεμέλια της νεότερης πολιτικής σκέψης : η αναγέννηση, η εποχή της μεταρρύθμισης
Αποθηκεύτηκε σε:
| Κύριος συγγραφέας: | |
|---|---|
| Άλλοι συγγραφείς: | |
| Μορφή: | Βιβλίο |
| Γλώσσα: | Greek English |
| Δημοσίευση: |
Αθήνα :
Αλεξάνδρεια,
2005.
|
| Έκδοση: | 1η έκδ. |
| Σειρά: | Νεότερη και σύγχρονη ιστορία (Αλεξάνδρεια)
|
| Θέματα: | |
| Ετικέτες: |
Προσθήκη ετικέτας
Δεν υπάρχουν, Καταχωρήστε ετικέτα πρώτοι!
|
MARC
| LEADER | 00000cam a2200000 i 4500 | ||
|---|---|---|---|
| 001 | 1/23584 | ||
| 008 | 060203s2005 gr | ||| |||| ||gre|| | ||
| 020 | |a 9602213329 | ||
| 035 | |l 10082466 | ||
| 040 | |a GR-MY-UA |b gre |e aacr | ||
| 041 | 1 | |a gre |h eng | |
| 082 | 7 | |a 320.0903 |2 (22) | |
| 100 | 1 | |a Skinner, Quentin. | |
| 245 | 1 | 3 | |a Τα θεμέλια της νεότερης πολιτικής σκέψης : |b η αναγέννηση, η εποχή της μεταρρύθμισης / |c Quentin Skinner ; μετάφραση: Μαρίνος Σαρηγιάννης ; επιστημονική θεώρηση: Σπύρος Μαρκέτος. |
| 250 | |a 1η έκδ. | ||
| 260 | |a Αθήνα : |b Αλεξάνδρεια, |c 2005. | ||
| 300 | |a 759 σ. ; |c 25 εκ. | ||
| 490 | 1 | |a (Νεότερη και σύγχρονη ιστορία / Αλεξάνδρεια) | |
| 500 | |a Μετάφραση από τα αγγλικά του: The foundations of modern political thought | ||
| 504 | |a Βιβλιογραφία: σ. 689-734. Ευρετήριο. | ||
| 650 | 0 | 0 | |a Political science |x History. |
| 700 | 1 | |a Σαρηγιάννης, Μαρίνος, |d 1973- |e trl | |
| 700 | 1 | |a Μαρκέτος, Σπύρος, |e oth | |
| 830 | 0 | |a Νεότερη και σύγχρονη ιστορία (Αλεξάνδρεια) | |
| 852 | |a INST |b LESVOS |e 20060203 |h 320.0903 SKI |p 005100034126 |q 005100034126 |t BK |y 0 | ||
| 901 | |a BIBL1-2006-1 | ||
| 909 | |a Λ |b 125692 | ||
| 920 | |a ΕΠΕΑΕΚ ΠΜΣ ΓΥΝΑΙΚΕΣ KAI ΦΥΛΑ |y Λέσβος |z 2006-01 | ||
| 970 | |a ΚΑΡΑ |b ΓΙΑΣΕΜΗ |z 2006/02/03 | ||